000 00528nam a2200193Ia 4500
003 OSt
005 20240730162806.0
008 210210b1970 xxu||||| |||| 00| 0 eng d
040 _aAL
_c
041 _aKannada
082 _aK894.3 ARYB
100 _aARYAMBA PATTABHI.
_930200
_dಆರ್ಯಂಬಾ ಪಟ್ಟಾಭಿ
245 _aBevu bella
_bಬೇವು ಬೆಲ್ಲ
260 _aBengaluru
_bPrakasha Sahitya
_c1970
300 _a248
690 _aKannada Fiction
_930201
906 _a029182
942 _2ddc
_cBK
999 _c80403
_d80403